[Event "Heusenstamm Schloss op"]
[Site "Heusenstamm"]
[Date "2023.11.26"]
[Round "6"]
[White "Senatov, Boris"]
[Black "Kovalskyy, Alicia"]
[Result "1/2-1/2"]
[WhiteElo "1822"]
[BlackElo "1515"]
[PlyCount "107"]
[EventDate "2023.11.23"]
[EventType "swiss"]
[EventRounds "7"]
[EventCountry "GER"]
[SourceTitle "CB50_2023"]
[SourceDate "2023.12.13"]
[SourceVersion "1"]
[SourceVersionDate "2023.12.13"]
[SourceQuality "1"]

1. e4 e5 2. Nf3 Nc6 3. Bb5 a6 4. Ba4 Nf6 5. 0-0 Be7 6. Re1 b5 7. Bb3 d6 8. c3 Na5 9. Bc2 c5 10. d3 0-0 11. Nbd2 Nc6 12. Nf1 Qc7 13. Ng3 a5 14. a4 b4 15. d4 cxd4 16. cxd4 Bg4 17. Nf5 Nxd4 18. N5xd4 exd4 19. Bb3 Qb6 20. Qxd4 Qxd4 21. Nxd4 Rac8 22. f3 Bd7 23. Be3 Rfd8 24. Nb5 Bxb5 25. axb5 Ra8 26. Rec1 Rd7 27. b6 Bd8 28. Ba4 Re7 29. Bc6 Rb8 30. Rxa5 Nd7 31. Ra8 Rxa8 32. Bxa8 Nxb6 33. Bc6 h6 34. Bd2 Re5 35. Bxb4 d5 36. Rd1 Bg5 37. Bxd5 Re8 38. Bc6 Rc8 39. Bb7 Rb8 40. Ba6 Na4 41. Ba3 Nxb2 42. Rb1 Bf6 43. Bc5 Rd8 44. f4 Na4 45. Bb4 Nc3 46. Re1 Bd4+ 47. Kh1 Rb8 48. Be7 Re8 49. Bh4 Rxe4 50. Bd3 Re3 51. Rxe3 Bxe3 52. Be1 Nd1 53. g3 Nf2+ 54. Bxf2 1/2-1/2

[Event "Heusenstamm Schloss op"]
[Site "Heusenstamm"]
[Date "2023.11.23"]
[Round "1"]
[White "Poysti, Nathanael Nicolai"]
[Black "Senatov, Boris"]
[Result "1-0"]
[WhiteElo "2142"]
[BlackElo "1822"]
[PlyCount "67"]
[EventDate "2023.11.23"]
[EventType "swiss"]
[EventRounds "7"]
[EventCountry "GER"]
[SourceTitle "CB48_2023"]
[SourceDate "2023.11.29"]
[SourceVersion "1"]
[SourceVersionDate "2023.11.29"]
[SourceQuality "1"]

1. c4 e5 2. Nc3 Nf6 3. Nf3 Nc6 4. e4 Bc5 5. Nxe5 Nxe5 6. d4 Bb4 7. dxe5 Nxe4 8. Qf3 Nxc3 9. bxc3 Ba5 10. Ba3 Qg5 11. h4 Qh6 12. Rd1 d6 13. exd6 0-0 14. Rd5 Re8+ 15. Kd1 Bb6 16. d7 Bxd7 17. Rxd7 Qe6 18. Rd2 Qe1+ 19. Kc2 Rad8 20. Qd1 Rxd2+ 21. Qxd2 Bxf2 22. Qxe1 Rxe1 23. h5 f5 24. Bc1 Bg3 25. Bd2 Ra1 26. Bc1 Rxa2+ 27. Bb2 Ra5 28. Be2 Re5 29. Bf3 b6 30. Rd1 Re8 31. Rd7 Bd6 32. Bd5+ Kh8 33. c5 Bxc5 34. c4 1-0

[Event "Heusenstamm Sparkassen op-A 5th"]
[Site "Heusenstamm"]
[Date "2018.11.25"]
[Round "6"]
[White "Hoehne, Volkmar"]
[Black "Senatov, Boris"]
[Result "1-0"]
[WhiteElo "1960"]
[BlackElo "1735"]
[PlyCount "151"]
[EventDate "2018.11.22"]
[EventType "swiss"]
[EventRounds "7"]
[EventCountry "GER"]
[SourceTitle "CBM 188 Extra"]
[Source "ChessBase"]
[SourceDate "2019.02.26"]
[SourceVersion "1"]
[SourceVersionDate "2019.02.26"]
[SourceQuality "1"]

1. d4 Nf6 2. c4 e6 3. Nf3 b6 4. g3 Bb7 5. Bg2 c6 6. 0-0 d5 7. Nbd2 Bd6 8. b3 Nbd7 9. Bb2 c5 10. e3 0-0 11. Ne5 Qc7 12. Nxd7 Nxd7 13. Rc1 dxc4 14. Nxc4 Bxg2 15. Kxg2 Qb7+ 16. Qf3 Qxf3+ 17. Kxf3 Be7 18. Rfd1 Rfd8 19. Ke2 cxd4 20. Bxd4 Nf6 21. f3 Rac8 22. Ne5 Ba3 23. Rc4 Rxc4 24. Nxc4 Be7 25. e4 Ne8 26. Be5 Rxd1 27. Kxd1 b5 28. Na5 Bd6 29. Bxd6 Nxd6 30. Nc6 a6 31. Kc2 Nb7 32. Kc3 a5 33. a3 f6 34. Kd4 Kf7 35. b4 axb4 36. axb4 Ke8 37. Na7 Kd7 38. Nxb5 Kc6 39. Kc4 Kb6 40. f4 g6 41. e5 fxe5 42. fxe5 Nd8 43. Nd4 Nf7 44. Nxe6 Nxe5+ 45. Kd5 Ng4 46. h3 Nf2 47. h4 h6 48. Ke5 g5 49. h5 Nh1 50. g4 Nf2 51. Kf5 Nd1 52. Ke4 Nf2+ 53. Kf3 Nd3 54. Nd4 Ne5+ 55. Kg3 Ka6 56. Nf5 Nf7 57. Kf2 Kb5 58. Ke3 Kxb4 59. Kd4 Kb3 60. Kd5 Kc3 61. Ke6 Nd8+ 62. Kf6 Kd3 63. Nxh6 Ke4 64. Kxg5 Ke5 65. Kh4 Kf6 66. g5+ Kg7 67. Nf5+ Kf7 68. h6 Ne6 69. Kg4 Nf8 70. Nh4 Kg8 71. Kf5 Kh7 72. Nf3 Ng6 73. Ne5 Nh8 74. Kf6 Kg8 75. g6 Nxg6 76. Kxg6 1-0

[Event "Wiesbaden op 30th"]
[Site "Wiesbaden"]
[Date "2018.08.25"]
[Round "4"]
[White "Senatov, Boris"]
[Black "Boder, Jan"]
[Result "0-1"]
[WhiteElo "1733"]
[BlackElo "1842"]
[PlyCount "80"]
[EventDate "2018.08.23"]
[EventType "swiss"]
[EventRounds "7"]
[EventCountry "GER"]
[SourceTitle "CBM 186 Extra"]
[Source "ChessBase"]
[SourceDate "2018.08.24"]
[SourceVersion "1"]
[SourceVersionDate "2018.08.24"]
[SourceQuality "1"]

1. e4 c5 2. Nf3 Nc6 3. d4 cxd4 4. Nxd4 g6 5. Nxc6 dxc6 6. Qxd8+ Kxd8 7. Bc4 Nf6 8. f3 Bg7 9. a4 Bd7 10. Nc3 Rf8 11. 0-0 Ne8 12. Be3 Nd6 13. Be2 Kc7 14. Bf4 Bd4+ 15. Kh1 e5 16. Bg3 f5 17. Bd3 Be6 18. exf5 gxf5 19. Rae1 Nc4 20. Re2 f4 21. Bf2 Nxb2 22. Bxd4 exd4 23. Rxe6 dxc3 24. Bxh7 Nxa4 25. Re7+ Kb6 26. Re4 Nb2 27. Rb4+ Kc7 28. Rb3 Na4 29. Rb4 b5 30. Re1 Rf7 31. Bg6 Rf6 32. Re7+ Kb6 33. Be4 Rd8 34. Kg1 Nc5 35. Bh7 a5 36. Rb1 Rfd6 37. Rbe1 a4 38. Rf7 a3 39. Rxf4 a2 40. Kf2 Rd1 0-1

[Event "Wiesbaden op 30th"]
[Site "Wiesbaden"]
[Date "2018.08.25"]
[Round "5"]
[White "Witt, Alexander"]
[Black "Senatov, Boris"]
[Result "0-1"]
[WhiteElo "1535"]
[BlackElo "1733"]
[PlyCount "48"]
[EventDate "2018.08.23"]
[EventType "swiss"]
[EventRounds "7"]
[EventCountry "GER"]
[SourceTitle "CBM 186 Extra"]
[Source "ChessBase"]
[SourceDate "2018.08.24"]
[SourceVersion "1"]
[SourceVersionDate "2018.08.24"]
[SourceQuality "1"]

1. e4 c5 2. Nf3 d6 3. d4 cxd4 4. Nxd4 Nf6 5. Nc3 a6 6. Be2 e5 7. Nb3 Be7 8. 0-0 Be6 9. Be3 Nbd7 10. a3 0-0 11. Bf3 b5 12. h3 Nb6 13. Nd2 Rc8 14. Be2 d5 15. Bxb6 Qxb6 16. exd5 Nxd5 17. Nde4 Rfd8 18. Qe1 f5 19. Nxd5 Rxd5 20. Nc3 Rdc5 21. Rd1 Bf6 22. Rd3 e4 23. Re3 Bg5 24. f4 Rxc3 0-1

[Event "Frankfurt-chA"]
[Site "Frankfurt"]
[Date "2017.05.15"]
[Round "4"]
[White "Senatov, Boris"]
[Black "Froehlich Dill, Astrid"]
[Result "0-1"]
[WhiteElo "1558"]
[BlackElo "1810"]
[PlyCount "56"]
[EventDate "2017.04.24"]
[EventType "swiss"]
[EventRounds "7"]
[EventCountry "GER"]
[SourceTitle "EXT 2018"]
[Source "ChessBase"]
[SourceDate "2017.10.13"]
[SourceVersion "1"]
[SourceVersionDate "2017.10.13"]
[SourceQuality "1"]

1. e4 c5 2. c3 Nc6 3. d4 cxd4 4. cxd4 d5 5. exd5 Qxd5 6. Nf3 e6 7. Nc3 Bb4 8. Bd2 Qd8 9. Bb5 Nge7 10. 0-0 0-0 11. Bf4 Nd5 12. Nxd5 Qxd5 13. Ba4 Ne7 14. Bc2 Ng6 15. Bg3 Bd7 16. a3 Be7 17. Re1 Rac8 18. Ne5 Be8 19. Be4 Qb5 20. Nxg6 hxg6 21. d5 f5 22. Bf3 f4 23. Rxe6 fxg3 24. Rxe7 gxf2+ 25. Kh1 Qxb2 26. d6 Bc6 27. Rb1 Rxf3 28. gxf3 Qxb1 0-1

[Event "Heusenstamm Sparkassen op-B 3rd"]
[Site "Heusenstamm"]
[Date "2016.11.27"]
[Round "1"]
[White "Senatov, Boris"]
[Black "Thede, Stefan"]
[Result "1/2-1/2"]
[WhiteElo "1404"]
[BlackElo "1646"]
[PlyCount "113"]
[EventDate "2016.11.27"]
[EventType "swiss"]
[EventRounds "7"]
[EventCountry "GER"]
[SourceTitle "EXT 2018"]
[Source "ChessBase"]
[SourceDate "2017.10.13"]
[SourceVersion "1"]
[SourceVersionDate "2017.10.13"]
[SourceQuality "1"]

1. e4 g6 2. d4 Bg7 3. Nc3 d6 4. Nf3 Nf6 5. Be2 0-0 6. 0-0 c6 7. Bg5 Qc7 8. Re1 e5 9. dxe5 dxe5 10. Qd2 Be6 11. Rad1 Nbd7 12. Qd6 Qa5 13. b4 Qa3 14. Qd2 a5 15. b5 Rad8 16. h3 Qc5 17. Qe3 Qxe3 18. Bxe3 Nh5 19. Nh2 Nf4 20. Bg4 f5 21. exf5 gxf5 22. Be2 Nxe2+ 23. Rxe2 Nf6 24. Rxd8 Rxd8 25. Bb6 Re8 26. bxc6 bxc6 27. Bxa5 e4 28. Rd2 Nd5 29. Ne2 Ra8 30. c4 Rxa5 31. cxd5 Rxd5 32. Rc2 Rd1+ 33. Nf1 Bd7 34. g3 Kf7 35. Kg2 Rd3 36. Ne3 Ke7 37. Nc1 Rc3 38. Nb3 Rxc2 39. Nxc2 Kd6 40. h4 c5 41. Ne3 Be6 42. Nd2 Bd4 43. Nec4+ Kc6 44. Kf1 Kb5 45. Nd6+ Kb4 46. g4 fxg4 47. N6xe4 Bxa2 48. f3 Be6 49. Ng5 Bf5 50. fxg4 Bxg4 51. Nxh7 Bf5 52. Ng5 Bd3+ 53. Ke1 Bc3 54. Kd1 Bxd2 55. Kxd2 c4 56. h5 Kb3 57. Kc1 1/2-1/2

[Event "Heusenstamm Schloss op 1st"]
[Site "Heusenstamm"]
[Date "2014.11.22"]
[Round "4"]
[White "Fey, Karl Heinz"]
[Black "Senatov, Boris"]
[Result "0-1"]
[WhiteElo "884"]
[BlackElo "1213"]
[PlyCount "42"]
[EventDate "2014.11.20"]
[EventType "swiss"]
[EventRounds "7"]
[EventCountry "GER"]
[SourceTitle "CBM 163 Extra"]
[Source "ChessBase"]
[SourceDate "2014.12.23"]
[SourceVersion "1"]
[SourceVersionDate "2014.12.23"]
[SourceQuality "1"]

1. c4 e5 2. a3 Nf6 3. Nc3 b6 4. e4 Bb7 5. d3 c6 6. Nf3 d6 7. Be2 Nbd7 8. 0-0 d5 9. cxd5 cxd5 10. exd5 Nxd5 11. d4 exd4 12. Nxd4 Nxc3 13. bxc3 Rc8 14. Bb2 Be7 15. Nb5 0-0 16. Nxa7 Rc5 17. c4 Ne5 18. Qb3 Qa8 19. Nb5 Bxg2 20. Bd4 Bxf1 21. Bxc5 Qg2# 0-1